000 00319nam a22001337a 4500
008 170731b xxu||||| |||| 00| 0 eng d
020 _a045093998800549500000010
041 _aeng
080 _22ND
_a004
100 _a32
101 _aSHK
245 _aUNIX SYSTEM ADMINISTRATION HANDBOOK
_cNEMETH,E
942 _2udc
_cBK
999 _c22176
_d22176